00983nam a2200181Ia 4500952009700000999001700097008004100114020001500155050002200170100003900192245005800231260003700289300001800326505038700344519004300731650001500774942001200789 00104070a03b03d2001-05-15l0oPN6014 D65 1980p03 003502r2012-07-20t1w2012-07-20yLB c80376d80376120720s1980 mx 000 0 spa d a9682601738 aPN6014 bD65 1980 aDominguez Hidalgo, Antonio eautor aIniciacion literaria IVc / Antonio Dominguez Hidalgo aMéxicob : Continentalc, 1980 a489 páginas aEl eterno mundo lírico: del romántico al de hoy Mas acá de scheherazada. Los cuentos: del novellino al cuento contemporáneo Los últimos días de epopeyas: del beowulf a garantúa y pantagruel La novela de las novelas: de la historia verdadera de loukianos a la novela del siglo XX Por los trayectos del drama: desde el carrito de arcilla hasta el teatro de vanguardia  aMaterial Complementaria /d(03 003502) 0aLITERATURA 2lcccLB